000 01927nam a2200541 4500
999 _c23511
_d23511
001 vtls012135418
005 20221109101405.0
008 220517s2022 xo obc g 000 1dslo
020 _a9788082033260
_q(brožované)
040 _aSVKPO
_bslo
_cSVKPO
_erda
041 0 _aslo
044 _axo
_cSK
072 7 _a821.162.4-3
_xSlovenská próza
_2konspekt
072 7 _a94(437.6)
_xDejiny Slovenska
_2konspekt
080 _a94(100)"1939/1945"
_22001
080 _a355.48(100)"1939/1945"
_22001
080 _a355.469.2
_22011
080 _a355:316.3
_22011
080 _a(437.6)
_22011
080 _a(0:82-94)
_22011
080 _a(0:82-96)
_22011
080 _a821.162.4-32
_22011
100 1 _aHudec, Marek,
_d1990-
_4aut
_93755
245 1 0 _aUzol
_bvojnový príbeh Nových Zámkov
_cMarek Hudec
246 3 0 _aVojnový príbeh Nových Zámkov
264 1 _aŽilina
_bAbsynt
_c2022
300 _a197 strán
_bfotografie, mapy, plány, portréty
_c21 cm
336 _atext
_btxt
_2rdacontent
337 _abez média
_bn
_2rdamedia
338 _azväzok
_bnc
_2rdacarrier
648 7 _a20. storočie
_2SNKPH
_92073
648 7 _a20th century
_2SNKPHeng
_92074
650 0 7 _adruhá svetová vojna (1939-1945)
_2SNKPH
_91735
650 0 7 _abombardovanie
_2SNKPH
_93756
650 0 7 _avojna a spoločnosť
_2SNKPH
_93757
650 0 7 _aWorld War (1939-1945)
_2SNKPHeng
_91740
650 0 7 _aBombardment
_2SNKPHeng
_93758
650 0 7 _aWar and society
_2SNKPHeng
_93759
651 7 _aNové Zámky (Slovensko)
_xdejiny
_2SNKPHgeo
_93760
651 7 _aNové Zámky (Slovakia)
_xhistory
_2SNKPHeng
_93761
655 7 _aspomienky
_2SNKPH
_93369
655 7 _aliteratúra faktu
_2SNKPH
_91757
655 7 _aslovenské príbehy
_2SNKPH
_91701
655 7 _aReminiscences
_2SNKPHeng
_92056
655 7 _aNon fiction
_2SNKPHeng
_91758
655 7 _aSlovak stories
_2SNKPHeng
_91702